000 00322nam a2200133Ia 4500
008 240624s9999 xx 000 0 und d
041 _aeng
082 _a658.421 KAW
100 _aKAWASAKI GUY
245 _aART OF THE START THE TIME TESTED BATTLE
260 _c2004
_aUSA
_bPenguin
300 _a226 : p.
365 _c
_b26
999 _c20316
_d20316